Mechanisovaná plotová výztuž MOK-1 /

Hlavní autor: Ivanov, K. I.
Korporativní autor: Československo. Ministerstvo paliv (1955-1960)
Další autoři: Radvanovský, A.
Jazyk: Čeština
Vydáno: Praha : Ústav pro technické a ekonomické informace, 1955
Vydání: 1. vyd.
Fyzický popis: 13 s. : il. ; 8°
Knihy
Uloženo v:
LEADER 01073nam a22003012a 4500
001 001677254
003 CZ BrMZK
005 20190408094611.0
007 ta
008 190404s1955 xr a er|||||||||||cze d
015 |a cnb000680095 
035 |a (OCoLC)85449099 
040 |a ABA001  |b cze  |c BOA001  |d ABA001  |d OLA001  |d BOA001 
041 1 |a cze  |h rus 
100 1 |a Ivanov, K. I.  |7 stk2007405838  |4 aut 
245 1 0 |a Mechanisovaná plotová výztuž MOK-1 /  |c K.I. Ivanov a kol. ; z ruského originálu ... přeložil A. Radvanovský 
250 |a 1. vyd. 
260 |a Praha :  |b Ústav pro technické a ekonomické informace,  |c 1955 
300 |a 13 s. :  |b il. ;  |c 8° 
500 |a 200 výt. 
550 |a Vydavatel: Ministerstvo paliv 
700 1 |a Radvanovský, A.  |4 trl 
710 1 |a Československo.  |b Ministerstvo paliv (1955-1960)  |7 ko2005299610 
765 0 |t Mechanizirovannaja organnaja krep‘ MOK-1  |9 Česky 
910 |a BOA001  |b X-0367.303 
990 |a BK 
991 |b 201904 
996 6 |b 2618983194  |c X-0367.303  |l MZK  |r Sklad / do 24 hodin  |n 0  |w 001717329  |u 000010  |a 1  |e BOA001  |j MZK50  |s P